Anthonys by Picture - Statistics

General Stats
  • This quiz has been taken 32 times
  • The average score is 9 of 18
Answer Stats
Picture Answer % Correct
Antonio Banderas
87%
Anthony Hopkins
83%
Tony Stark
73%
Tony Blair
70%
Tony Bennett
67%
Tony Hawk
67%
Anthony Bourdain
53%
Anthony Perkins
53%
Tony Curtis
53%
Anthony Mackie
50%
Tony Danza
50%
Anthony Davis
47%
Anthony Michael Hall
43%
Antonio Vivaldi
43%
Antonio Brown
33%
Fat Tony
27%
Tony Todd
13%
Anthony Albanese
7%
No matching quizzes found
Score Distribution
Percent of People with Each Score
Percentile by Number Answered
Your Score History
You have not taken this quiz